Afganistán: la lucha por recobrar la libertad /

Saved in:
Bibliographic Details
Main Author: Cincotta, Howard
Other Authors: Price, Adrianne
Format: Text
Published: s.l.e.: Agencia Comunicaciones Internacionales. USA
Tags: Add Tag
No Tags, Be the first to tag this record!

MARC

LEADER 00000 a a2200000 04500
001 14544
003
040
090 |a 014000  
100 |a Cincotta, Howard  
245 |a Afganistán: la lucha por recobrar la libertad /  |c Howard Cincotta 
260 |a s.l.e.:   |b Agencia Comunicaciones Internacionales. USA  
300 |a 48 p.  
700 |a Price, Adrianne  
999 |c 10695  |d 10695